Mathematik für Wirtschaftswissenschaftler

Enregistré dans:
Détails bibliographiques
Auteur principal: Luh, Wolfgang
Autres auteurs: Stadtmüller, Karin
Format: Livre
Langue:allemand
Publié: München Oldenbourg 1993
Édition:3. Aufl.
Sujets:
Tags: Ajouter un tag
Pas de tags, Soyez le premier à ajouter un tag!

MARC

LEADER 00000nam a2200000 4500
001 c002456
005 20221206075603.1
020 |a 3-486-22436-0 
041 0 |a ger 
044 |a DE 
245 1 0 |a Mathematik für Wirtschaftswissenschaftler  |c Wolfgang Luh, Karin Stadtmüller 
250 |a 3. Aufl. 
264 1 |a München  |b Oldenbourg  |c 1993 
300 |a 334 s. 
610 2 0 |a matematika 
610 2 0 |a metódy matematické 
610 2 0 |a metódy ekonomicko-matematické 
610 2 0 |a veda ekonomická 
610 2 0 |a ekonómia 
610 2 0 |a modely matematické 
100 1 |a Luh, Wolfgang 
700 1 |a Stadtmüller, Karin